000
00246nam a2200109Ia 4500
008
200302s9999 xx 000 0 und d
100
_a
Chung sun Young
245
_a
Landscape world Vol 7
260
_b
Archi world
260
_c
2014
300
_a
183
999
_c
6830
_d
6830